000 00794nam a2200253Ia 4500
003 OSt
005 20221005084808.0
006 a|||||r|||| 00| 0
007 ta
008 221004b |||||||| |||| 00| 0 eng d
020 _a9781843839095 (hbk)
_c6169.80
024 _a13992
037 _b910, 28/07/2014, Bright Book Service
_cTextual
040 _aCRL
_cCRL
_beng
041 _2eng
_aeng
082 _aNA1,8:98, Q4
100 _aEmerick Keith
_9613585
245 0 _aConserving and managing ancient monuments
_b Heritage, democracy, and inclusion
260 _aNew York
_bBoydell Press U.S.A
_c2014
300 _ax, 282p.
_ccm.
650 _aARTS
942 _hNA1,8:98, Q4
_cTEXL
_2cc
999 _c993104
_d993104